Statistics for 5 Most Spoken Languages in Europe

Click here to take the quiz!

General Stats

  • This quiz has been taken 159 times
  • The average score is 5 of 5

Answer Stats

%Language% Correct
38English
100%
11German
99%
12French
95%
7Spanish
94%
5Russian
92%

Score Distribution

Percentile by Number Answered

Percent of People with Each Score

Your Score History

You have not taken this quiz